| 000 | 00362nam a22001457a 4500 | ||
|---|---|---|---|
| 003 | SGT | ||
| 020 | _a9788177540581 | ||
| 082 | _bDAH | ||
| 100 | _aDAHAMA, A.K | ||
| 245 | _aORGANIC FARMING FOR SUSTAINABLE AGRICULTURE | ||
| 260 |
_aNEW DELHI _bOrganic farming for sustainable agriculture _c2018 |
||
| 300 | _a265 | ||
| 650 | _aAGRICULTURE | ||
| 942 |
_2ddc _cBK _018 |
||
| 999 |
_c13804 _d13804 |
||